000 00942nas a2200313 4500
001 BR2012001146
003 BR-BrBNA
005 20231205120158.0
007 ta
008 230509b bl.|||p| |||| 00| 00por d
040 _aBR-BrBNA
_bpor
_cBiblioteca Nacional de Agricultura
041 _a(Pt)
072 _aJ11
100 1 _aCampos, S. de C.
100 1 _aCorrêa, P.C.
100 1 _aRodrigues, A.P.L.
100 1 _aNogueira, B.L.
100 1 _aBotelho, F.M.
100 1 _aOliveira, G.H.H.
245 1 _aPerda de água e coeficiente de transpiração de goiabas em relação à superfície-volume
650 _aGOIABA
650 _aPSIDIUM GUAJAVA
650 _aQUALIDADE
650 _aÁGUA
650 _aTRANSPIRAÇÃO VEGETAL
773 0 _tRevista Brasileira de Armazenamento (Brazil)
_xISSN 0100-3518
_g(2011), v. 36(2) p. 195-202
_wBR2012001146
909 _a202311
_bLúcia
_c55
_dLúcia Elande
942 _2AGRIS
_n0
_cANA
999 _c217335
_d217335